000 00837cam a2200217 a 4500
005 20260205144314.0
008 960516s1996 cou b 001 0 eng
020 _a0813332273
_qhc : alk. paper
020 _a0813332281
_qpbk.
040 _aKABLIB
_cKABLIB
_ec1996
082 0 0 _a321.8
_223
_bLAK
100 1 _aLakoff, Sanford A.
_915384
245 1 0 _aDemocracy :
_bhistory, theory, practice /
_cSanford Lakoff.
260 _aBoulder, Colo. :
_bWestview Press,
_cc1996.
300 _axii, 388 p. ;
_c24 cm.
504 _aIncludes bibliographical references (p. 361-373), index.
650 0 _aDemocracy.
856 4 2 _3Contributor biographical information
_uhttp://www.loc.gov/catdir/enhancements/fy0831/96024373-b.html
856 4 2 _3Publisher description
_uhttp://www.loc.gov/catdir/enhancements/fy0831/96024373-d.html
942 _2ddc
_cBOOK
999 _c6068
_d6068